000 00509nam a2200169 i 4500
001 71040
003 ES-MaACL
005 20230906171011.0
007 t|
008 040805s1971 sp ||||1| spa d
100 1 _aGaskin, Catherine.
_955874
245 1 3 _aEl rastro de Devlin /
_cCatherine Gaskin ; [versión de Ana María de Foronda].
260 _aBarcelona :
_bLuis de Caralt,
_c[1971]
300 _a272 p. ;
_c21 cm.
700 1 _aForonda, Ana-María de.
_951800
852 _aES-MaACL
_jC-40126
_bR.79576
999 _c71040
_d71040